The fox, a fryar : an allusion to mankind. More particularly, and most religiously address'd to his Eminency Charles, Cardinal Alberoni. By Timothy Harris, gent.

Bibliographic Details
Main Author: Harris, Timothy, active 1715-1722
Format: eBook
Language:English
Series:Eighteenth century collections online.
Online Access:Full text online

MARC

Tag First Indicator Second Indicator Subfields
LEADER 00000cam a2200000 4500
001 in00001908221
006 m | d |
007 cr |n||||||||n
008 810811s1719 enk|||| s 00||||eng d
005 20260406215420.3
035 |a (CStRLIN)ESTCT127524 
040 |a Uk-ES  |c Uk-ES  |d Cu-RivES  |d CStRLIN  |d Thomson Gale  |d UtOrBLW 
100 1 |a Harris, Timothy,  |d active 1715-1722. 
245 1 4 |a The fox, a fryar :  |b an allusion to mankind. More particularly, and most religiously address'd to his Eminency Charles, Cardinal Alberoni. By Timothy Harris, gent. 
264 3 |a London :  |b printed for J. Roberts,  |c 1719. 
300 |a 24p. ;  |c 8⁰. 
336 |a text  |b txt  |2 rdacontent 
337 |a computer  |b c  |2 rdamedia 
338 |a online resource  |b cr  |2 rdacarrier 
500 |a Apparently a press-variant title (Foxon). 
500 |a Verse. 
500 |a Reproduction of original from the British Library. 
510 4 |a Foxon,  |c H80.2 
510 4 |a English Short Title Catalog,  |c ESTCT127524. 
533 |a Electronic reproduction.  |b Farmington Hills, Mich. :  |c Thomson Gale,  |d 2003.  |n Available via the World Wide Web.  |n Access limited by licensing agreements  |7 s2003 miunns 
500 |a Electronic resource. 
830 0 |a Eighteenth century collections online. 
856 4 0 |u http://proxy.library.tamu.edu/login?url=https://galenet.galegroup.com/servlet/ECCO?c=1&stp=Author&ste=11&af=BN&ae=T127524&tiPG=1&dd=0&dc=flc&docNum=CW110708072&vrsn=1.0&srchtp=a&d4=0.33&n=10&SU=0LRK&locID=txshracd2898  |z Full text online  |t 0 
999 |a MARS 
999 f f |s 07f6f477-a379-39c6-a696-616227d39209  |i 1528c3c9-6c98-31d6-b532-4cc23a26255f  |t 0 
952 f f |a Texas A&M University  |b College Station  |c Electronic Resources  |s www_evans  |d Available Online  |t 0  |h No information provided 
998 f f |t 0  |l Available Online